Zákon o kolektívnom investovaní

Legislatívny rámec podnikania správcovských spoločností tvorí zákon č. 385/1999 Z.z. o kolektívnom investovaní v znení neskorších predpisov a upravuje: kolektívne investovanie, činnosť správcovskej spoločnosti a depozitára, ochranu investorov, dohľad. Pokračovanie v č. 10/2002.

Gespeichert in:
Bibliographische Detailangaben
1. Verfasser: Goceliak, Peter
Format: Buchkapitel
Sprache:Slowakisch
Schlagworte:
Tags: Tag hinzufügen
Keine Tags, Fügen Sie das erste Tag hinzu!

MARC

LEADER 00000naa a2200000 4500
001 r046655
005 20220729104010.6
041 0 |a slo 
044 |a SK 
245 1 0 |a Zákon o kolektívnom investovaní  |c Peter Goceliak 
520 |a Legislatívny rámec podnikania správcovských spoločností tvorí zákon č. 385/1999 Z.z. o kolektívnom investovaní v znení neskorších predpisov a upravuje: kolektívne investovanie, činnosť správcovskej spoločnosti a depozitára, ochranu investorov, dohľad. Pokračovanie v č. 10/2002. 
610 2 0 |a investovanie kolektívne 
610 2 0 |a zákony 
610 2 0 |a Slovensko 
610 2 0 |a fondy podielové 
610 2 0 |a 1999 
100 1 |a Goceliak, Peter